[Event "St Petersburg Korchnoi Memorial op"]
[Site "St Petersburg"]
[Date "2024.08.20"]
[Round "6"]
[White "Nikolaev, Nikita S"]
[Black "Ulasevich, Andrey"]
[Result "1-0"]
[WhiteElo "2068"]
[BlackElo "1838"]
[PlyCount "65"]
[EventDate "2024.08.17"]
[EventType "swiss"]
[EventRounds "9"]
[EventCountry "RUS"]
[SourceTitle "EXT 2025"]
[Source "ChessBase"]
[SourceDate "2024.10.14"]
[SourceVersion "1"]
[SourceVersionDate "2024.10.14"]
[SourceQuality "1"]

1. c4 e5 2. g3 Nc6 3. Bg2 f5 4. Nc3 Nf6 5. d3 d6 6. Nf3 g6 7. Rb1 Bg7 8. b4 0-0 9. b5 Ne7 10. 0-0 h6 11. Ne1 Nd7 12. Nc2 f4 13. Ne4 Nf6 14. Nxf6+ Rxf6 15. Rb3 Rf8 16. Bb2 g5 17. d4 exd4 18. Nxd4 Qe8 19. Be4 Ng6 20. Bb1 Qf7 21. Qd3 Bxd4 22. Qxd4 Ne5 23. c5 Qe7 24. cxd6 cxd6 25. Rd1 Bh3 26. gxf4 Rxf4 27. Qxd6 Rg4+ 28. Rg3 Re8 29. Qxh6 Nf3+ 30. Kh1 Rxg3 31. Qh8+ Kf7 32. Qg7+ Ke6 33. Qg6+ 1-0

[Event "St Petersburg Korchnoi Memorial op"]
[Site "St Petersburg"]
[Date "2024.08.20"]
[Round "7"]
[White "Ulasevich, Andrey"]
[Black "Khajrutdinov, Ildar"]
[Result "1-0"]
[WhiteElo "1838"]
[BlackElo "2018"]
[PlyCount "120"]
[EventDate "2024.08.17"]
[EventType "swiss"]
[EventRounds "9"]
[EventCountry "RUS"]
[SourceTitle "EXT 2025"]
[Source "ChessBase"]
[SourceDate "2024.10.14"]
[SourceVersion "1"]
[SourceVersionDate "2024.10.14"]
[SourceQuality "1"]

1. e4 e5 2. Nf3 Nf6 3. Nxe5 d6 4. Nc4 Nxe4 5. d4 d5 6. Ne3 Nc6 7. c3 Nf6 8. Qf3 Bd6 9. Nxd5 Nxd5 10. Qxd5 0-0 11. Be3 Re8 12. Qf3 Qg5 13. Bc4 Bf5 14. 0-0 Qg6 15. h3 Na5 16. Be2 Qe6 17. Nd2 Qg6 18. Rfe1 a6 19. a4 Rad8 20. Qh5 Qxh5 21. Bxh5 Bd3 22. Bf3 c6 23. Be2 Bxe2 24. Rxe2 c5 25. Rae1 cxd4 26. Bxd4 Rxe2 27. Rxe2 Nc6 28. Bb6 Rc8 29. Nc4 Bf8 30. Rd2 Re8 31. Kf1 f6 32. Nd6 Re7 33. Nf5 Rf7 34. f4 g6 35. Nd4 Nxd4 36. Rxd4 f5 37. Rd8 Kg7 38. Bd4+ Kh6 39. Be5 Bg7 40. Bd4 Bxd4 41. Rxd4 Re7 42. Kf2 Kg7 43. g3 Kf6 44. Rd6+ Kf7 45. Rb6 Ke8 46. c4 Kd8 47. b3 Kc7 48. Rf6 a5 49. g4 fxg4 50. hxg4 Rd7 51. Ke3 b6 52. f5 gxf5 53. gxf5 Rd1 54. Rf7+ Kc6 55. Rxh7 Rb1 56. f6 Rxb3+ 57. Ke4 Kd6 58. Rh5 Rb4 59. Kd4 Rxa4 60. Rf5 b5 1-0

[Event "St Petersburg Korchnoi Memorial op"]
[Site "St Petersburg"]
[Date "2024.08.19"]
[Round "5"]
[White "Smikovski, Semen"]
[Black "Ulasevich, Andrey"]
[Result "0-1"]
[WhiteElo "2028"]
[BlackElo "1838"]
[PlyCount "92"]
[EventDate "2024.08.17"]
[EventType "swiss"]
[EventRounds "9"]
[EventCountry "RUS"]
[SourceTitle "EXT 2025"]
[Source "ChessBase"]
[SourceDate "2024.10.14"]
[SourceVersion "1"]
[SourceVersionDate "2024.10.14"]
[SourceQuality "1"]

1. e4 c5 2. Nf3 d6 3. d4 cxd4 4. Nxd4 Nf6 5. Nc3 a6 6. Be2 e5 7. Nb3 Be7 8. 0-0 0-0 9. Kh1 Nc6 10. f4 Re8 11. Bf3 b5 12. a4 Rb8 13. axb5 axb5 14. f5 Qb6 15. g4 b4 16. Na4 Qd8 17. g5 Nd7 18. f6 gxf6 19. Qd5 Bb7 20. gxf6 Bxf6 21. Qxd6 Re6 22. Qd3 Qe7 23. Bg4 Rd6 24. Qg3 Bh4 25. Qh3 Nf8 26. Nac5 Ba8 27. Be3 Rbd8 28. c3 bxc3 29. bxc3 Na7 30. Rxa7 Qxa7 31. Qxh4 Ng6 32. Qf2 Qe7 33. Qf5 Kg7 34. Bg5 f6 35. Be3 Re8 36. Qh5 Bc6 37. Bf5 Rg8 38. Rg1 Be8 39. Ra1 Kh8 40. Ne6 Nf4 41. Qxh7+ Qxh7 42. Bxh7 Kxh7 43. Nxf4 exf4 44. Bxf4 Bc6 45. Nc5 Rd5 46. Ne6 Rd1+ 0-1

[Event "St Petersburg Korchnoi Memorial op"]
[Site "St Petersburg"]
[Date "2024.08.18"]
[Round "4"]
[White "Ulasevich, Andrey"]
[Black "Schepetkova, Margarita"]
[Result "1/2-1/2"]
[WhiteElo "1838"]
[BlackElo "2031"]
[PlyCount "42"]
[EventDate "2024.08.17"]
[EventType "swiss"]
[EventRounds "9"]
[EventCountry "RUS"]
[SourceTitle "CBM 221 Extra"]
[Source "ChessBase"]
[SourceDate "2024.09.30"]
[SourceVersion "1"]
[SourceVersionDate "2024.09.30"]
[SourceQuality "1"]

1. e4 c6 2. d4 d5 3. exd5 cxd5 4. Bd3 Nf6 5. c3 Bg4 6. Qb3 Qc7 7. Na3 Nc6 8. Nb5 Qb8 9. Ne2 a6 10. Bf4 e5 11. Bxe5 Nxe5 12. dxe5 Qxe5 13. Qa4 Bd7 14. Qd4 Qb8 15. Qe3+ Be7 16. Nbd4 Ng4 17. Qg3 Bd6 18. Qh4 Be7 19. Qg3 Bd6 20. Qh4 Be7 21. Qg3 Bd6 1/2-1/2

[Event "Chigorin Memorial 30th"]
[Site "St Petersburg"]
[Date "2023.10.29"]
[Round "9"]
[White "Ulasevich, Andrey"]
[Black "Andronov, Ilya"]
[Result "1/2-1/2"]
[WhiteElo "1676"]
[BlackElo "1845"]
[PlyCount "70"]
[EventDate "2023.10.21"]
[EventType "swiss"]
[EventRounds "9"]
[EventCountry "RUS"]
[SourceTitle "CBM 216 Extra"]
[Source "ChessBase"]
[SourceDate "2023.11.30"]
[SourceVersion "1"]
[SourceVersionDate "2023.11.30"]
[SourceQuality "1"]

1. e4 e5 2. Nf3 Nc6 3. Bb5 a6 4. Ba4 Nf6 5. 0-0 Be7 6. Re1 b5 7. Bb3 d6 8. c3 0-0 9. h3 Na5 10. Bc2 c5 11. d4 Qc7 12. d5 Bd7 13. b3 Nb7 14. Nbd2 Rfc8 15. c4 b4 16. a4 a5 17. Nf1 Ne8 18. N3h2 g6 19. f4 exf4 20. Bxf4 f6 21. Nd2 Nd8 22. Rf1 Nf7 23. Ng4 Ng7 24. Nh6+ Nxh6 25. Bxh6 Rf8 26. Rf3 Rae8 27. Qf1 Bc8 28. Re1 Bd8 29. Kh1 Rf7 30. Bf4 Nh5 31. Bh2 Qe7 32. Rfe3 Qc7 33. Rf3 Qe7 34. Rfe3 Qc7 35. Rf3 Qe7 1/2-1/2

[Event "Chigorin Memorial 30th"]
[Site "St Petersburg"]
[Date "2023.10.22"]
[Round "2"]
[White "Zauzoltsev, Maxim"]
[Black "Ulasevich, Andrey"]
[Result "0-1"]
[WhiteElo "1235"]
[BlackElo "1676"]
[PlyCount "66"]
[EventDate "2023.10.21"]
[EventType "swiss"]
[EventRounds "9"]
[EventCountry "RUS"]
[SourceTitle "CBM 216 Extra"]
[Source "ChessBase"]
[SourceDate "2023.11.30"]
[SourceVersion "1"]
[SourceVersionDate "2023.11.30"]
[SourceQuality "1"]

1. e4 c6 2. d4 d5 3. exd5 cxd5 4. Bd3 Nc6 5. c3 Nf6 6. h3 g6 7. Nf3 Bf5 8. Be2 e6 9. Bg5 h6 10. Bxf6 Qxf6 11. 0-0 Bd6 12. Nbd2 g5 13. Re1 Kf8 14. g4 Bg6 15. Bb5 Qf4 16. Bxc6 bxc6 17. Ne5 Kg7 18. Qe2 f6 19. Nef3 Rae8 20. b4 h5 21. Qe3 hxg4 22. Qxf4 Bxf4 23. hxg4 e5 24. dxe5 fxe5 25. Nb3 Be4 26. Rxe4 dxe4 27. Nfd2 e3 28. fxe3 Bxe3+ 29. Kg2 Rh4 30. Kg3 Bf4+ 31. Kf3 Rh3+ 32. Ke4 Rxc3 33. Nf3 Re3+ 0-1

[Event "St Petersburg Korchnoi Memorial op"]
[Site "St Petersburg"]
[Date "2023.08.24"]
[Round "9"]
[White "Ulasevich, Andrey"]
[Black "Budrina, Marina"]
[Result "1/2-1/2"]
[WhiteElo "1654"]
[BlackElo "1306"]
[PlyCount "92"]
[EventDate "2023.08.18"]
[EventType "swiss"]
[EventRounds "9"]
[EventCountry "RUS"]
[SourceTitle "CBM 216 Extra"]
[Source "ChessBase"]
[SourceDate "2023.11.30"]
[SourceVersion "1"]
[SourceVersionDate "2023.11.30"]
[SourceQuality "1"]

1. e4 c5 2. Nf3 d6 3. Bb5+ Bd7 4. Bxd7+ Qxd7 5. 0-0 Nc6 6. c3 Nf6 7. Re1 e6 8. d4 cxd4 9. cxd4 d5 10. e5 Ne4 11. a3 Be7 12. Nbd2 Nxd2 13. Bxd2 0-0 14. b4 a6 15. Bg5 Rfc8 16. Qd3 Bf8 17. Bf4 h6 18. g4 g6 19. h4 Bg7 20. h5 Ne7 21. g5 hxg5 22. Nxg5 Nf5 23. hxg6 fxg6 24. Rac1 Rxc1 25. Rxc1 Rc8 26. Rc3 Rc6 27. Rc5 Bf8 28. b5 Rxc5 29. dxc5 axb5 30. Ne4 Bg7 31. Nd6 Bf8 32. Be3 Kg7 33. Bg5 Be7 34. Bd2 Bf8 35. Bb4 Bxd6 36. cxd6 Qc6 37. Qd2 Qd7 38. Qc3 Kf7 39. Qc7 Ke8 40. Qb8+ Qd8 41. Qxb7 Qg5+ 42. Kf1 Qc1+ 43. Kg2 Qg5+ 44. Kh2 Qh5+ 45. Kg1 Qg5+ 46. Kh1 Qh4+ 1/2-1/2

[Event "St Petersburg Korchnoi Memorial op"]
[Site "St Petersburg"]
[Date "2023.08.23"]
[Round "8"]
[White "Samoilov, Andrey"]
[Black "Ulasevich, Andrey"]
[Result "1-0"]
[WhiteElo "1936"]
[BlackElo "1654"]
[PlyCount "69"]
[EventDate "2023.08.18"]
[EventType "swiss"]
[EventRounds "9"]
[EventCountry "RUS"]
[SourceTitle "CBM 216 Extra"]
[Source "ChessBase"]
[SourceDate "2023.11.30"]
[SourceVersion "1"]
[SourceVersionDate "2023.11.30"]
[SourceQuality "1"]

1. d4 Nf6 2. Nf3 e6 3. Bg5 d5 4. c3 Bd6 5. Nbd2 h6 6. Bxf6 Qxf6 7. e4 dxe4 8. Nxe4 Qe7 9. Bd3 Nd7 10. 0-0 0-0 11. Re1 Nf6 12. Nxf6+ Qxf6 13. Qe2 c5 14. Qe4 g6 15. Ne5 cxd4 16. cxd4 Rb8 17. Re3 b6 18. Rg3 Qg7 19. Qe3 Bxe5 20. dxe5 Bb7 21. h4 h5 22. Be2 Qh7 23. Qg5 Kh8 24. Rd1 Bd5 25. Rc1 Rfc8 26. Rgc3 Bb7 27. Rc7 Qg7 28. Rxb7 Rxc1+ 29. Qxc1 Rxb7 30. Qc8+ Kh7 31. Qxb7 Qxe5 32. Qxf7+ Kh6 33. Bd3 Qe1+ 34. Kh2 Qe5+ 35. g3 1-0

[Event "St Petersburg Korchnoi Memorial op"]
[Site "St Petersburg"]
[Date "2023.08.18"]
[Round "1"]
[White "Ulasevich, Andrey"]
[Black "Khakimov, Timur"]
[Result "0-1"]
[WhiteElo "1654"]
[BlackElo "2173"]
[PlyCount "80"]
[EventDate "2023.08.18"]
[EventType "swiss"]
[EventRounds "9"]
[EventCountry "RUS"]
[SourceTitle "CBM 216 Extra"]
[Source "ChessBase"]
[SourceDate "2023.11.30"]
[SourceVersion "1"]
[SourceVersionDate "2023.11.30"]
[SourceQuality "1"]

1. e4 e5 2. Nf3 Nc6 3. Bb5 f5 4. d3 fxe4 5. dxe4 Nf6 6. 0-0 Bc5 7. c3 d6 8. Qd3 Bd7 9. b4 Bb6 10. Bc4 Qe7 11. a4 a5 12. b5 Nd8 13. Be3 Bxe3 14. Qxe3 Ne6 15. Bxe6 Bxe6 16. b6 0-0 17. bxc7 Qxc7 18. Na3 Qc6 19. Ng5 Bb3 20. Rfb1 Bxa4 21. Rb6 Qd7 22. Nc4 Bc6 23. Rd1 Ng4 24. Qh3 Nf6 25. Ne6 Nxe4 26. Nxe5 Nxf2 27. Nxd7 Nxh3+ 28. gxh3 Rf7 29. Rxc6 bxc6 30. Rxd6 Re8 31. Ndc5 Ra7 32. Na4 Rae7 33. Nac5 a4 34. Rxc6 Ra7 35. Nd4 a3 36. Ncb3 a2 37. Nc2 Re2 38. Nca1 Rd7 39. Kf1 Rxh2 40. Kg1 Rb2 0-1

[Event "Chigorin Memorial 29th"]
[Site "St Petersburg"]
[Date "2022.10.30"]
[Round "9"]
[White "Ulasevich, Andrey"]
[Black "Sharikov, Alexander"]
[Result "0-1"]
[WhiteElo "1657"]
[BlackElo "2151"]
[PlyCount "146"]
[EventDate "2022.10.22"]
[EventType "swiss"]
[EventRounds "9"]
[EventCountry "RUS"]
[SourceTitle "EXT 2024"]
[Source "ChessBase"]
[SourceDate "2023.10.10"]
[SourceVersion "1"]
[SourceVersionDate "2023.10.10"]
[SourceQuality "1"]

1. e4 e5 2. Nf3 Nc6 3. Bb5 Nf6 4. d3 Bc5 5. c3 0-0 6. 0-0 d6 7. h3 Ne7 8. d4 Bb6 9. Re1 c6 10. Bd3 Ng6 11. Bc2 Re8 12. dxe5 dxe5 13. Qxd8 Bxd8 14. Be3 Bb6 15. Nbd2 h6 16. a4 Be6 17. a5 Bxe3 18. Rxe3 Rad8 19. Bb3 Nd7 20. Bxe6 Rxe6 21. g3 Ndf8 22. Nc4 f6 23. Re2 Re7 24. Rd2 Rxd2 25. Ncxd2 Ne6 26. Kf1 Rd7 27. h4 h5 28. Ke2 Nh8 29. b4 Nc7 30. Nb3 Nb5 31. Rc1 Nf7 32. c4 Nbd6 33. Nfd2 Nd8 34. Rc3 Ne6 35. Rd3 Rd8 36. f3 Kf7 37. c5 Nb5 38. Rxd8 Nxd8 39. Kd3 Ne6 40. Nc4 Ke7 41. Ne3 g6 42. Nc4 Nec7 43. f4 exf4 44. gxf4 Na6 45. Nd6 Nxd6 46. cxd6+ Kxd6 47. Kc4 Nc7 48. Nc5 b6 49. Nd3 Ne6 50. e5+ fxe5 51. fxe5+ Kd7 52. axb6 axb6 53. b5 c5 54. Nb2 Nf4 55. Na4 Kc7 56. Nc3 Kd7 57. Na4 Ke6 58. Nxb6 g5 59. Nc8 gxh4 60. b6 Ng6 61. Nd6 Nxe5+ 62. Kxc5 Nd7+ 63. Kc6 Nxb6 64. Ne4 Na4 65. Nf2 Ke5 66. Kb5 Nb2 67. Kb4 Kd4 68. Nh3 Nd3+ 69. Kb3 Ke3 70. Kc3 Nf4 71. Ng5 h3 72. Nxh3 Nxh3 73. Kc2 Nf2 0-1